| 000 | 01603naa a22003617a 4500 | ||
|---|---|---|---|
| 001 | BR8007282 | ||
| 003 | BR-BrBNA | ||
| 005 | 20250716093635.0 | ||
| 007 | ta | ||
| 008 | 250630b bl.|||m| |||| 00| 0 por d | ||
| 040 |
_aBR-BrBNA _bpor _cBiblioteca Nacional de Agricultura |
||
| 041 | _a(Pt) | ||
| 072 |
_aF30; H20 _b0140 _bG514 |
||
| 090 | _aF30 BR8007282 | ||
| 100 | 1 | _aFloss, E.L. | |
| 100 | 1 | _aReichert, J.L. | |
| 245 | 1 | _aEnsaio preliminar de rendimento de graos de aveia em 1979 [melhoramento genetico vegetal, Avena sativa, genotipo, doenca de planta, ferrugem da folha, ferrugem do colmo, virus do nanismo amarelo da cevada, Faculdade de Agronomia de Passo Fundo, Rio Grande do Sul, Brasil] | |
| 500 | _aRelatorio de pesquisa. Resultados de pesquisa com aveia obtidos na Faculdade de Agronomia da Universidade de Passo Fundo em 1979 Passo Fundo, RS (Brasil): 1980. p. 24-33 [3 tables; 4 ref.; Summaries (En, Pt)] (BR8007282-AMS) | ||
| 773 | 0 |
_tRelatorio de pesquisa. Resultados de pesquisa com aveia obtidos na Faculdade de Agronomia da Universidade de Passo Fundo em 1979 _wF30 BR8007282 _gPasso Fundo, RS (Brasil), 1980. p. 24-33 |
|
| 650 | _aAVEIA | ||
| 650 | _aGRAO | ||
| 650 | _aRENDIMENTO | ||
| 650 | _aGENOTIPO | ||
| 650 | _aDOENCA DE PLANTA | ||
| 650 | _aFERRUGEM ALARANJADA | ||
| 650 | _aFERRUGEM DO COLMO | ||
| 650 | _aVIRUS | ||
| 650 | _aNANISMO AMARELO | ||
| 650 | _aVARIEDADE | ||
| 490 |
_aRelatorio de Pesquisa - Universidade de Passo Fundo. Faculdade de Agronomia (Brazil) _vv. 3 no. 3 |
||
| 942 |
_cAMS _2AGRIS |
||
| 909 |
_a202506 _bLúcia _c55 _dLúcia Elande |
||
| 999 |
_c333599 _d333599 |
||